| Поле | Название | Значение |
| |
Тип записи |
a |
| |
Библиографический уровень |
m |
| 001 |
Контрольный номер |
RU\infra-m\znanium\bibl\2248343 |
| 005 |
Дата корректировки |
20260429142059.5 |
| 008 |
Кодируемые данные |
260316s2026 RU g rus u |
| 020 |
Индекс ISBN |
__ |
| a |
ISBN |
978-5-288-06468-5 |
| 040 |
Источник каталогиз. |
__ |
| a |
Служба первич. каталог. |
Общество с ограниченной ответственностью «ЗНАНИУМ» |
| 041 |
Код языка издания |
__ |
| a |
Код языка текста |
rus |
| 044 |
Код страны публикации |
__ |
| a |
Код страны публикации |
RU |
| 080 |
Индекс УДК |
__ |
| a |
Индекс УДК |
53 |
| 084 |
Индекс другой классификации/Индекс ББК |
__ |
| 2 |
Источник индекса |
rubbk |
| a |
Индекс другой классификации/Индекс ББК |
223 |
| 245 |
Заглавие |
__ |
| a |
Заглавие |
Школьные олимпиады СПбГУ 2024. Физика |
| b |
Продолж. заглавия |
Учебно-методическая литература |
| c |
Ответственность |
Санкт-Петербургский государственный университет |
| 250 |
Сведения об издании |
__ |
| a |
Основные сведения об издании |
1 |
| 260 |
Выходные данные |
__ |
| a |
Место издания |
Санкт-Петербург |
| b |
Издательство |
Издательство Санкт-Петербургского государственного университета |
| c |
Дата издания |
2025 |
| 300 |
Физическое описание |
__ |
| a |
Объем |
60 с. |
| 520 |
Аннотация |
__ |
| a |
Аннотация |
В пособии представлены примеры заданий отборочного и заключительного этапов Олимпиады школьников Санкт-Петербургского государственного университета по физике для учащихся 8—11-х классов за 2023/2024 учебный год. Все задачи сопровождаются подробными решениями. Приведённые в сборнике задачи могут использоваться в качестве домашних заданий в школах с углублённым изучением физики. Издание предназначено для подготовки к участию в Олимпиадах школьников СПбГУ. |
| 521 |
Примеч. о цел. назн. |
__ |
| a |
Примеч. о целев. назн. |
ВО - Специалитет |
| 650 |
Тематические рубрики |
__ |
| a |
Основная рубрика |
Педагогика. Образование |
| x |
Основная подрубрика |
Педагогика общего среднего образования |
| 655 |
Указ. предметных рубрик (устаревшее) |
__ |
| a |
Жанр/ форма (устаревшее) |
Учебно-методическая литература |
| 700 |
Другие авторы |
__ |
| a |
Другие авторы |
Елисеев С.И. |
| q |
Полное имя |
Елисеев Степан Иванович |
| u |
Дополнение |
Санкт-Петербургский государственный университет |
| 856 |
Электронный адрес документа |
4_ |
| a |
Имя сервера/домена |
znanium.ru |
| m |
Помощь |
ebs_support@infra-m.ru |
| n |
Местонахождение сервера |
НИЦ ИНФРА-М |
| u |
URL |
https://znanium.ru/catalog/document?id=480239 |
| 856 |
Электронный адрес документа |
48 |
| a |
Имя сервера/домена |
znanium.ru |
| d |
Путь |
/cover/2248 |
| f |
Электронное имя |
2248343.jpg |
| q |
Тип электронного формата |
image/jpeg |
| u |
URL |
https://znanium.ru/cover/2248/2248343.jpg |
| 911 |
|
__ |
| u |
|
0030=https://znanium.ru/catalog/document?id=480239 |